Countries With the Highest % of Population 0-14 Years Old - Statistics

General Stats
  • This quiz has been taken 10 times
  • The average score is 13 of 18
Answer Stats
% of Population 0-14 Years Old Country % Correct
46.97% Niger
100%
46.74% Chad
90%
46.09% Democratic Republic of the Congo
90%
46.46% Mali
90%
43.04% Mauritania
90%
42.32% Malawi
80%
43.23% Afghanistan
70%
44.57% Angola
70%
42.4% Burkina Faso
70%
45.36% Burundi
70%
41.76% Cameroon
70%
46.68% Somalia
70%
42.72% Tanzania
70%
41.96% Zambia
70%
49.17% Central African Republic
60%
44.75% Mozambique
60%
43.94% Uganda
60%
41.84% Benin
50%
No matching quizzes found
Score Distribution
Percent of People with Each Score
Percentile by Number Answered
Your Score History
You have not taken this quiz